| LEADER | 00929nam a2200265 a 4500 | ||
|---|---|---|---|
| 001 | GR-MES2389 | ||
| 008 | 991111s1995 gr 000 0 gre d | ||
| 020 | |a 960286205X | ||
| 040 | |a GrPaTEI |b gre |c GR-PaULI | ||
| 245 | 0 | 0 | |a Βιοψυχολογία = |b biological psychology. |
| 260 | |a Αθήνα : |b Ιων, |c 1995 | ||
| 300 | |a 328σελ. : |b εικ. | ||
| 650 | 4 | |a Ανατομία | |
| 650 | 4 | |a Βιολογία | |
| 650 | 4 | |a ΒΙΟΨΥΧΟΛΟΓΙΑ | |
| 650 | 4 | |a ΚΥΤΤΑΡΑ | |
| 650 | 4 | |a Ψυχολογία | |
| 700 | 1 | |a Kalat, James | |
| 700 | 1 | |a Καστελλάκης, Α. | |
| 700 | 1 | |a Χρηστίδης, Δ. | |
| 710 | 0 | |a Ιων | |
| 942 | |2 ddc | ||
| 952 | |0 0 |1 0 |2 ddc |4 0 |6 571_000000000000000_ΚΑΛ |7 0 |9 266762 |a MSLG |b MSLG |c BSC |d 2021-01-17 |e 24 |f 0 |g 0.00 |l 0 |o 571 ΚΑΛ |p 2420000009149 |r 2021-01-17 00:00:00 |t 1 |w 2021-01-17 |y BK15 |x 19991111 0 1 |x GrPaTEI | ||
| 971 | |a .b25734349 |b 15-04-20 |c 13-09-16 | ||
| 999 | |c 153502 |d 153502 | ||